| 000 | 00648nam a2200229 a 4500 | ||
|---|---|---|---|
| 001 | BRCA_3642 | ||
| 005 | 20190320204350.0 | ||
| 008 | 260809s1962----mx-#---###---#000-0#spa-# | ||
| 041 | _aspa | ||
| 044 | _amx | ||
| 050 | 4 |
_aF1233.5.D5 _b.A72 1962 |
|
| 100 | 1 |
_aAragón, Agustín _d1870-1954 _99442 |
|
| 245 | 1 | 0 |
_aPorfirio Díaz _bestudio histórico filosófico _cAgustín Aragón. |
| 260 |
_aMéxico _bIntercontinental _c1962 |
||
| 300 |
_a2 v. _c24 cm. |
||
| 500 | _aB312 | ||
| 600 | 1 | 4 |
_aDíaz, Porfirio _d1830-1915 _94775 |
| 650 | 1 | 4 |
_aCiencia política _99443 |
| 651 | 4 |
_aMéxico _xHistoria _y1867-1910 _94778 |
|
| 902 | _aGFM | ||
| 942 |
_2lcc _cB |
||
| 999 |
_c3377 _d3377 |
||